LEADER 01370nam a2200265 i 4500 001 000000247598 003 CaOOAMICUS 005 20220210112946.0 008 160122s1806 it u000 u ita u 013 $a226503 026 $atao, o.mi pino Pane (3) 1806 (R) 040 $aSeMil$bita 100 1 $aDegli Oddi, Longaro,$c.$0(OLS)http://semarc/name/40691 245 10$aVita del b. Francesco Di Girolamo sacerdote professo della Compagnia di Gesł scritta dal padre Longaro Degli Oddi della medesima compagnia. 260 $aIn Roma :$bNella Stmperia Pagliarini,$c1806. 300 $aXIX, [1], 258, [2] p., [1] carta di tav. calcogr. :$britr. ;$c4°. 500 $aEmblema xilogr. dei Gesuiti a c. b2r. - Stemma calcogr. sul front. 500 $aSegn.: a4 b6 A-2H4 2I6 600 14$aGeronimo, Francesco : de .$0(OLS)http://semarc/subject/16575 700 1 $aPagliarini,$c.$0(OLS)http://semarc/name/15133 850 $aSeMil 852 $aSeMil$W1$xVenegono$y1$m3H IV 1 FA$j197944$B197944$CSeMilBibl$Z2$F209183 $8I 996 $6245$aVita del b. Francesco Di Girolamo sacerdote professo della Compagnia di Gesł scritta dal padre Longaro Degli Oddi della medesima compagnia$9(OLS)http://semarc/title/349589 996 $6260$aIn Roma :$bNella Stmperia Pagliarini$9(OLS)http://semarc/publisher/55168 LEADER 01678nas a2200253 i 4500 001 000000215260 003 CaOOAMICUS 005 20120816000000.0 008 111205b2011 it uu s u0 0ita r 013 $a194132 040 $aSeMil$bita 240 10$aScritti di Padre Vismara ; Beatificazione ; Interviste ; Galleria fotografica ; Inserto di Mondo e Missione, speciale beatificazione di Padre Vismara [pp. 35-66, N. 6/Giugno-Luglio 2011].$0(OLS)http://semarc/title/309952 245 10$aBeato Clemente Vismara, 1897-1988 :$buna vita non basta. 260 $a[S.l.] :$bProduzione PIMEdit,$c[2011]$e(Torino :$fNOVA-T ,$g[2011]) 300 $a1 DVD video (160 min) ;$cin custodia, 13x13 cm. 500 $aLingue : italiano, inglese. - Titolo dell'etichetta. - In etichetta : Si ringrazia Fondazione PIME ONLUS, Missionari dal 1850. - Contenuti extra : Scritti di Padre Vismara ; Beatificazione ; Interviste ; Galleria fotografica ; Inserto di Mondo e Missione, speciale beatificazione di Padre Vismara [pp. 35-66, N. 6/Giugno-Luglio 2011]. - Allegato redazionale al N. 10/2011. 650 4$aVismara, Clemente .$0(OLS)http://semarc/subject/8230 700 1 $aFondazione PIME .$0(OLS)http://semarc/name/76423 700 1 $aVismara, Clemente,$c.$0(OLS)http://semarc/name/49075 850 $aSeMil 852 $aSeMil$W1$xVenegono$y1$m200 6 21/B DVD$j165681$B165681$CSeMilBibl$Z2$F176650 $85 961 $aCambio: Scuola Cattolica 996 $6245$aBeato Clemente Vismara, 1897-1988 :$buna vita non basta$9(OLS)http://semarc/title/309951 996 $6260$a[S.l.] :$bProduzione PIMEdit$9(OLS)http://semarc/publisher/52898